<?xml version="1.0" encoding="UTF-8"?>
<record
    xmlns:xsi="http://www.w3.org/2001/XMLSchema-instance"
    xsi:schemaLocation="http://www.loc.gov/MARC21/slim http://www.loc.gov/standards/marcxml/schema/MARC21slim.xsd"
    xmlns="http://www.loc.gov/MARC21/slim">

  <leader>00349nam a22001577a 4500</leader>
  <controlfield tag="003">SGT</controlfield>
  <datafield tag="020" ind1=" " ind2=" ">
    <subfield code="a">9789386482846</subfield>
  </datafield>
  <datafield tag="082" ind1=" " ind2=" ">
    <subfield code="a">343.052,SIN</subfield>
  </datafield>
  <datafield tag="100" ind1=" " ind2=" ">
    <subfield code="a">SINGHANIA,VINOD K.</subfield>
  </datafield>
  <datafield tag="245" ind1=" " ind2=" ">
    <subfield code="a">STUDENTS GUIDE TO INCOME TAX</subfield>
  </datafield>
  <datafield tag="250" ind1=" " ind2=" ">
    <subfield code="a">5TH</subfield>
  </datafield>
  <datafield tag="260" ind1=" " ind2=" ">
    <subfield code="a">NEW DELHI</subfield>
    <subfield code="b">TAXMAANN</subfield>
    <subfield code="c">2017-18</subfield>
  </datafield>
  <datafield tag="300" ind1=" " ind2=" ">
    <subfield code="a">947</subfield>
  </datafield>
  <datafield tag="650" ind1=" " ind2=" ">
    <subfield code="a">INCOME TAX</subfield>
  </datafield>
  <datafield tag="942" ind1=" " ind2=" ">
    <subfield code="2">ddc</subfield>
    <subfield code="c">BK</subfield>
    <subfield code="0">91</subfield>
  </datafield>
  <datafield tag="952" ind1=" " ind2=" ">
    <subfield code="0">0</subfield>
    <subfield code="1">0</subfield>
    <subfield code="2">ddc</subfield>
    <subfield code="4">0</subfield>
    <subfield code="7">0</subfield>
    <subfield code="8">LAW</subfield>
    <subfield code="a">SSSL</subfield>
    <subfield code="b">SSSL</subfield>
    <subfield code="c">TXT</subfield>
    <subfield code="d">2017-10-25</subfield>
    <subfield code="e">INDIAN PUBLISHERS DISTRIBUTORS</subfield>
    <subfield code="g">995.00</subfield>
    <subfield code="i">SGTU</subfield>
    <subfield code="l">32</subfield>
    <subfield code="m">5</subfield>
    <subfield code="o">343.052,SIN</subfield>
    <subfield code="p">FL1986</subfield>
    <subfield code="r">2024-11-26 00:00:00</subfield>
    <subfield code="s">2024-11-26</subfield>
    <subfield code="w">2017-10-13</subfield>
    <subfield code="y">BK</subfield>
    <subfield code="k">97</subfield>
  </datafield>
  <datafield tag="952" ind1=" " ind2=" ">
    <subfield code="0">0</subfield>
    <subfield code="1">0</subfield>
    <subfield code="2">ddc</subfield>
    <subfield code="4">0</subfield>
    <subfield code="7">0</subfield>
    <subfield code="8">LAW</subfield>
    <subfield code="a">SSSL</subfield>
    <subfield code="b">SSSL</subfield>
    <subfield code="c">TXT</subfield>
    <subfield code="d">2017-10-25</subfield>
    <subfield code="e">INDIAN PUBLISHERS DISTRIBUTORS</subfield>
    <subfield code="g">995.00</subfield>
    <subfield code="i">SGTU</subfield>
    <subfield code="l">0</subfield>
    <subfield code="o">343.052,SIN</subfield>
    <subfield code="p">FL1987</subfield>
    <subfield code="r">2021-12-02 00:00:00</subfield>
    <subfield code="w">2017-10-13</subfield>
    <subfield code="y">BK</subfield>
    <subfield code="k">97</subfield>
  </datafield>
  <datafield tag="952" ind1=" " ind2=" ">
    <subfield code="0">0</subfield>
    <subfield code="1">0</subfield>
    <subfield code="2">ddc</subfield>
    <subfield code="4">0</subfield>
    <subfield code="7">0</subfield>
    <subfield code="8">LAW</subfield>
    <subfield code="a">SSSL</subfield>
    <subfield code="b">SSSL</subfield>
    <subfield code="c">TXT</subfield>
    <subfield code="d">2017-10-25</subfield>
    <subfield code="e">INDIAN PUBLISHERS DISTRIBUTORS</subfield>
    <subfield code="g">995.00</subfield>
    <subfield code="i">SGTU</subfield>
    <subfield code="l">26</subfield>
    <subfield code="m">2</subfield>
    <subfield code="o">343.052,SIN</subfield>
    <subfield code="p">FL1988</subfield>
    <subfield code="r">2024-11-22 00:00:00</subfield>
    <subfield code="s">2024-11-08</subfield>
    <subfield code="w">2017-10-13</subfield>
    <subfield code="y">BK</subfield>
    <subfield code="k">97</subfield>
  </datafield>
  <datafield tag="952" ind1=" " ind2=" ">
    <subfield code="0">0</subfield>
    <subfield code="1">0</subfield>
    <subfield code="2">ddc</subfield>
    <subfield code="4">0</subfield>
    <subfield code="7">0</subfield>
    <subfield code="8">LAW</subfield>
    <subfield code="a">SSSL</subfield>
    <subfield code="b">SSSL</subfield>
    <subfield code="c">TXT</subfield>
    <subfield code="d">2017-10-25</subfield>
    <subfield code="e">INDIAN PUBLISHERS DISTRIBUTORS</subfield>
    <subfield code="g">995.00</subfield>
    <subfield code="i">SGTU</subfield>
    <subfield code="l">26</subfield>
    <subfield code="m">1</subfield>
    <subfield code="o">343.052,SIN</subfield>
    <subfield code="p">FL1989</subfield>
    <subfield code="r">2024-12-23 00:00:00</subfield>
    <subfield code="s">2024-12-07</subfield>
    <subfield code="w">2017-10-13</subfield>
    <subfield code="y">BK</subfield>
    <subfield code="k">97</subfield>
  </datafield>
  <datafield tag="952" ind1=" " ind2=" ">
    <subfield code="0">0</subfield>
    <subfield code="1">0</subfield>
    <subfield code="2">ddc</subfield>
    <subfield code="4">0</subfield>
    <subfield code="7">0</subfield>
    <subfield code="8">LAW</subfield>
    <subfield code="a">SSSL</subfield>
    <subfield code="b">SSSL</subfield>
    <subfield code="c">TXT</subfield>
    <subfield code="d">2017-10-25</subfield>
    <subfield code="e">INDIAN PUBLISHERS DISTRIBUTORS</subfield>
    <subfield code="g">995.00</subfield>
    <subfield code="i">SGTU</subfield>
    <subfield code="l">18</subfield>
    <subfield code="m">3</subfield>
    <subfield code="o">343.052,SIN</subfield>
    <subfield code="p">FL1990</subfield>
    <subfield code="r">2025-02-07 00:00:00</subfield>
    <subfield code="s">2023-11-16</subfield>
    <subfield code="w">2017-10-13</subfield>
    <subfield code="y">BK</subfield>
    <subfield code="k">97</subfield>
  </datafield>
  <datafield tag="952" ind1=" " ind2=" ">
    <subfield code="0">0</subfield>
    <subfield code="1">0</subfield>
    <subfield code="2">ddc</subfield>
    <subfield code="4">0</subfield>
    <subfield code="7">0</subfield>
    <subfield code="8">LAW</subfield>
    <subfield code="a">SSSL</subfield>
    <subfield code="b">SSSL</subfield>
    <subfield code="c">TXT</subfield>
    <subfield code="d">2017-10-25</subfield>
    <subfield code="e">INDIAN PUBLISHERS DISTRIBUTORS</subfield>
    <subfield code="g">995.00</subfield>
    <subfield code="i">SGTU</subfield>
    <subfield code="l">31</subfield>
    <subfield code="o">343.052,SIN</subfield>
    <subfield code="p">FL1991</subfield>
    <subfield code="q">2023-03-17</subfield>
    <subfield code="r">2023-03-03 00:00:00</subfield>
    <subfield code="s">2023-03-03</subfield>
    <subfield code="w">2017-10-13</subfield>
    <subfield code="y">BK</subfield>
    <subfield code="k">97</subfield>
  </datafield>
  <datafield tag="999" ind1=" " ind2=" ">
    <subfield code="c">13719</subfield>
    <subfield code="d">13719</subfield>
  </datafield>
</record>
